000 00365 a2200157 4500
001 193113
020 _a978-85-308-0151-9
040 _cMagnum
100 _aKamii, Constance
240 1 0 _aA criança e o número
_lpor
245 1 0 _aA criança e o número
300 _a112
362 0 _a2012
697 _aEDUCAÇÃO EM GERAL E DISCIPLINAS AFINS
942 _cBK
999 _c193113
_d193113